Städte mit mehr als 10 Millionen Einwohnern - Sudden Death - Statistiken

Allgemein
  • Dieses Quiz wurde 637 mal gespielt
  • Das Durchschnittsergebnis liegt bei 3 aus 13
Answers on the Grid
Answers color-coded by a green-red scale on the quiz's grid according to % correct below.
Abidjan
Ankara
Bengaluru
Berlin
Bogota
Brazzaville
Chengdu
Chennai
Delhi
Dhaka
Dongguan
Hyderabad
Istanbul
Jakarta
Johannesburg
Kapstadt
Kinshasa
Lagos
Lahore
Mexiko-Stadt
Moskau
Nanjing
Neu-Delhi
Qingdao
Riad
Rio de Janeiro
Shanghai
Sydney
Teheran
Wuhan
 
Antwortstatistiken
Antwort % Korrekt
Istanbul
44%
Delhi
42%
Moskau
29%
Jakarta
28%
Shanghai
27%
Lagos
18%
Bengaluru
17%
Dhaka
17%
Chengdu
12%
Wuhan
11%
Kinshasa
10%
Hyderabad
5%
Lahore
4%
Keine übereinstimmenden Quizze gefunden
Verteilung der Resultate
Anzahl Personen mit jedem Resultat
Perzentil nach korrekt beantworteten Fragen
Ihre Resultats-Entwicklung
Sie haben dieses Quiz noch nicht gespielt